Vista normal
Vista MARC
Entrada Personal Name
Número de registros utilizados en: 1
001 - CONTROL NUMBER
- control field: 17481
003 - CONTROL NUMBER IDENTIFIER
- control field: DLC
005 - DATE AND TIME OF LATEST TRANSACTION
- control field: 20250919122723.0
008 - FIXED-LENGTH DATA ELEMENTS
- fixed length control field: 870319n| acannaab| |a aaa
010 ## - LIBRARY OF CONGRESS CONTROL NUMBER
- LC control number: n 86036857
040 ## - CATALOGING SOURCE
- Original cataloging agency: DLC
- Transcribing agency: Mx-PuUPA
- Modifying agency: DLC
- Modifying agency: Uk
- Modifying agency: Mx-PuUPA
- Language of cataloging: spa
- Description conventions: rda
100 10 - HEADING--PERSONAL NAME
- Personal name: Brown, Jeremy Houghton,
374 ## - OCCUPATION
- Occupation: Autor
375 ## - GENDER
- Gender: hombre
377 ## - ASSOCIATED LANGUAGE
- Language code: eng
400 10 - SEE FROM TRACING--PERSONAL NAME
- Personal name: Brown, J. Houghton
670 ## - SOURCE DATA FOUND
- Source citation: His The systems of the horse, 1987, c1984:
- Information found: CIP t.p. (Jeremy Houghton Brown)
670 ## - SOURCE DATA FOUND
- Source citation: Horse business management reference handbook, 1988:
- Information found: t.p. (J. Houghton Brown)